[Event "III Festival A"]
[Site "Verona ITA"]
[Date "1997.01.??"]
[Round "3"]
[White "Wohl, Aleksandar H."]
[Black "Corvi, Marco"]
[Result "1-0"]
[WhiteElo "2425"]
[BlackElo "2235"]
[PlyCount "117"]
[EventDate "1997.01.02"]

1. e4 Nf6 2. e5 Nd5 3. d4 d6 4. c4 Nb6 5. exd6 exd6 6. Nc3 Be7 7. Bd3 Nc6 8.
Nge2 Bg4 9. f3 Bh5 10. Nf4 Bg6 11. Be2 Bh4+ 12. g3 Bf6 13. Be3 O-O 14. O-O Re8
15. Bf2 Na5 16. b3 c5 17. Rc1 cxd4 18. Bxd4 Bg5 19. Qd2 Nc6 20. Bf2 Qf6 21.
Rfd1 Rad8 22. Bxb6 Bxf4 23. Bxd8 Bxd2 24. Bxf6 Bxc1 25. Rxc1 gxf6 26. Kf2 a6
27. Rd1 Rd8 28. f4 f5 29. Bf3 f6 30. Nd5 Kg7 31. Ne3 Kf7 32. h4 h6 33. Rd2 Bh7
34. Bd1 Ne7 35. b4 Bg8 36. Bc2 Kg7 37. c5 d5 38. Nxf5+ Nxf5 39. Bxf5 Bh7 40.
Bxh7 Kxh7 41. Re2 Rd7 42. Re6 Kg6 43. g4 h5 44. f5+ Kg7 45. gxh5 Kh6 46. Rxf6+
Kxh5 47. Rd6 Rf7 48. Rxd5 Kxh4 49. Kf3 Kg5 50. Ke4 Kg4 51. Re5 Rh7 52. Kd5 Kf4
53. Kd6 Rh2 54. c6 bxc6 55. Ra5 Rc2 56. a3 Rc3 57. Kc7 Ke4 58. Kb6 c5 59. b5
1-0

[Event "III Festival A"]
[Site "Verona ITA"]
[Date "1997.01.??"]
[Round "4"]
[White "Agnelli, Francesco"]
[Black "Mollero, Michele"]
[Result "1-0"]
[WhiteElo "2060"]
[BlackElo "2050"]
[PlyCount "69"]
[EventDate "1997.01.02"]

1. e4 Nf6 2. e5 Nd5 3. d4 d6 4. c4 Nb6 5. exd6 cxd6 6. Nc3 g6 7. Bd3 Bg7 8.
Nge2 O-O 9. O-O Nc6 10. Be3 e5 11. d5 Nb4 12. Rc1 Nxd3 13. Qxd3 f5 14. c5 Nd7
15. c6 e4 16. Qb5 Nb6 17. a4 bxc6 18. dxc6 Be6 19. a5 Nc4 20. Nf4 Bf7 21. Nfd5
Ne5 22. Rfd1 Qh4 23. Bf4 a6 24. Qf1 Nxc6 25. Bxd6 Rfd8 26. g3 Qh6 27. Bc7 Re8
28. h4 Bxd5 29. Nxd5 Ne5 30. Bxe5 Bxe5 31. Nc7 Bxc7 32. Rxc7 f4 33. Qc4+ Kh8
34. Qc3+ Kg8 35. Rdd7 1-0

[Event "III Festival A"]
[Site "Verona ITA"]
[Date "1997.01.??"]
[Round "4"]
[White "Barbieri, Giovanni"]
[Black "Cristiani, Cesare"]
[Result "0-1"]
[WhiteElo "2150"]
[BlackElo "2075"]
[PlyCount "114"]
[EventDate "1997.01.02"]

1. e4 e5 2. Nf3 Nf6 3. Nxe5 d6 4. Nf3 Nxe4 5. Nc3 Nxc3 6. dxc3 Be7 7. Bf4 O-O
8. Qd2 Nd7 9. O-O-O Nc5 10. Bc4 Be6 11. Qe2 Bxc4 12. Qxc4 Ne6 13. Be3 a5 14. h4
a4 15. g4 a3 16. b3 Re8 17. g5 Ra5 18. Rhg1 Qd7 19. h5 Qc6 20. Qxc6 bxc6 21. g6
fxg6 22. hxg6 h6 23. Rde1 Kf8 24. Bxh6 Bf6 25. Bd2 Re7 26. Rh1 Ke8 27. Rh3 Kd7
28. Kd1 Rd5 29. c4 Rf5 30. Bc1 Ra5 31. b4 Ra4 32. Bd2 c5 33. c3 cxb4 34. cxb4
c5 35. bxc5 Nxc5 36. Rxe7+ Kxe7 37. Ng5 Bb2 38. Re3+ Kd7 39. Ne4 Rxc4 40. Nxc5+
dxc5 41. Rd3+ Ke6 42. f4 Kf5 43. Rd6 Rd4 44. Rxd4 cxd4 45. Kc2 Kxg6 46. Bb4 Kf5
47. Bd6 Ke4 48. Kd2 g6 49. Bc7 Bc3+ 50. Kd1 Bb4 51. Bb8 d3 52. Bc7 Bc5 53. Bb8
Be3 54. Bd6 Bxf4 55. Bxa3 g5 56. Bc5 g4 57. a4 g3 0-1

[Event "III Festival A"]
[Site "Verona ITA"]
[Date "1997.01.??"]
[Round "4"]
[White "Bressanelli, Roberto"]
[Black "Messa, Roberto"]
[Result "0-1"]
[WhiteElo "2140"]
[BlackElo "2305"]
[PlyCount "58"]
[EventDate "1997.01.02"]

1. e4 e5 2. Nf3 Nc6 3. Bb5 a6 4. Ba4 Nf6 5. O-O b5 6. Bb3 Bc5 7. c3 d6 8. d4
Bb6 9. h3 Bb7 10. Re1 h6 11. a4 O-O 12. d5 Ne7 13. Nbd2 c6 14. dxc6 Bxc6 15.
Bc2 Qc7 16. Nf1 Rfe8 17. Ng3 Rad8 18. axb5 axb5 19. Nh4 d5 20. Qe2 d4 21. Bd3
Qd7 22. Rd1 Qb7 23. Bd2 dxc3 24. Bxc3 Bc7 25. b3 Rd7 26. Bc2 Red8 27. Rxd7 Rxd7
28. f3 b4 29. Be1 Bb5 0-1

[Event "III Festival A"]
[Site "Verona ITA"]
[Date "1997.01.??"]
[Round "4"]
[White "Danieli, Enrico"]
[Black "Bevilacqua, Maurizio"]
[Result "1-0"]
[WhiteElo "1930"]
[BlackElo "2155"]
[PlyCount "107"]
[EventDate "1997.01.02"]

1. Nf3 d5 2. d4 g6 3. Nc3 Bg7 4. Bg5 h6 5. Bh4 Nf6 6. e3 O-O 7. Bd3 c6 8. Ne5
c5 9. O-O cxd4 10. exd4 Nc6 11. Be2 Be6 12. Bf3 Rc8 13. Re1 Bf5 14. Bxf6 exf6
15. Nxc6 bxc6 16. Na4 Rb8 17. Bg4 Bxg4 18. Qxg4 f5 19. Qd1 Qa5 20. b3 Rfe8 21.
c3 Re4 22. f3 Rxe1+ 23. Qxe1 Kf8 24. Nc5 Qd8 25. Qg3 Rc8 26. Re1 Bf6 27. Re2
Kg7 28. Nb7 Qd7 29. Nc5 Qd8 30. Nb7 Qd7 31. Nc5 Qd8 32. Qf4 Rc7 33. Kf2 Re7 34.
Rxe7 Qxe7 35. Qe3 Qd6 36. g3 h5 37. f4 h4 38. Qe8 h3 39. Qd7 Qxd7 40. Nxd7 Be7
41. Nb8 Ba3 42. Nxc6 Bb2 43. c4 dxc4 44. bxc4 a6 45. d5 Ba3 46. Ne5 f6 47. Nd3
Kf7 48. c5 Ke7 49. Ke3 g5 50. Kd4 gxf4 51. gxf4 Kd7 52. Kc4 Kc7 53. Kb3 Bxc5
54. Nxc5 1-0

[Event "III Festival A"]
[Site "Verona ITA"]
[Date "1997.01.??"]
[Round "4"]
[White "De Bortoli, Peter"]
[Black "Satta, Vladimiro"]
[Result "1/2-1/2"]
[WhiteElo "2090"]
[BlackElo "2245"]
[PlyCount "112"]
[EventDate "1997.01.02"]

1. e4 d6 2. d4 Nf6 3. f3 Nbd7 4. Bc4 e5 5. c3 Be7 6. Ne2 O-O 7. Be3 exd4 8.
cxd4 d5 9. exd5 Nb6 10. Bd3 Nbxd5 11. Bf2 c6 12. Nbc3 Bd6 13. O-O Qc7 14. Ng3
Re8 15. Nce4 Bf5 16. Re1 Bd7 17. Bc2 Rad8 18. Nxf6+ Nxf6 19. Qd3 g6 20. Kh1 Be6
21. Ne4 Nxe4 22. fxe4 Bf4 23. g3 Bxg3 24. Qxg3 Qxg3 25. Bxg3 Rxd4 26. Rad1 Red8
27. Bf2 Rxd1 28. Rxd1 Rxd1+ 29. Bxd1 Bxa2 30. Bxa7 f6 31. Kg2 Kf7 32. Kf3 Ke6
33. Bc2 Bc4 34. Ke3 Bf1 35. Bb3+ Kd6 36. Bd4 Ke7 37. Bc5+ Ke8 38. Be6 Bb5 39.
Kd4 Be2 40. Bd6 h5 41. Bc7 Bf1 42. Bc8 Ba6 43. Kc5 b6+ 44. Kxb6 Bxc8 45. Kxc6
h4 46. b4 Bg4 47. Kd5 Kd7 48. Bb8 Bf3 49. Kd4 g5 50. b5 Be2 51. b6 Ba6 52. Bc7
Bb7 53. Ke3 Ke6 54. Bd8 f5 55. exf5+ Kxf5 56. Kf2 g4 1/2-1/2

[Event "III Festival A"]
[Site "Verona ITA"]
[Date "1997.01.??"]
[Round "4"]
[White "De Vita, Igor"]
[Black "Franchini, Gabriele"]
[Result "1/2-1/2"]
[WhiteElo "2130"]
[BlackElo "2200"]
[PlyCount "32"]
[EventDate "1997.01.02"]

1. e4 e6 2. d4 d5 3. Nc3 Bb4 4. Nge2 dxe4 5. a3 Be7 6. Nxe4 Nf6 7. N2g3 Nbd7 8.
Be3 O-O 9. Nxf6+ Nxf6 10. Bd3 b6 11. Qe2 Bb7 12. O-O Qc8 13. Rae1 c5 14. dxc5
Bxc5 15. Bxc5 Qxc5 16. Kh1 Rac8 1/2-1/2

[Event "III Festival A"]
[Site "Verona ITA"]
[Date "1997.01.??"]
[Round "4"]
[White "Farina, Saverio"]
[Black "Popa, Florin"]
[Result "1/2-1/2"]
[WhiteElo "2170"]
[BlackElo "2180"]
[PlyCount "127"]
[EventDate "1997.01.02"]

1. d4 d5 2. c4 e6 3. Nc3 Nf6 4. Bg5 Nbd7 5. Nf3 Be7 6. Qc2 O-O 7. O-O-O c6 8.
e4 Nxe4 9. Bxe7 Qxe7 10. Nxe4 dxe4 11. Qxe4 Nf6 12. Qh4 Rd8 13. Bd3 c5 14. Rhe1
cxd4 15. Nxd4 g6 16. f4 Nd5 17. Qxe7 Nxe7 18. Nb5 Rf8 19. Be4 Nc6 20. Rd6 Na5
21. b3 a6 22. Nc3 Rb8 23. c5 Re8 24. Bf3 Kg7 25. g4 Re7 26. Nd5 Rd7 27. Nb6 Rc7
28. b4 Nc6 29. Bxc6 Rxc6 30. Red1 e5 31. Rxc6 bxc6 32. Rd8 exf4 33. Kd2 Rb7 34.
Rxc8 Re7 35. Nc4 f3 36. Ne3 f2 37. Ke2 Rxe3+ 38. Kxf2 Rh3 39. Kg2 Ra3 40. Rxc6
g5 41. Rb6 f6 42. c6 Kg6 43. c7 Rxa2+ 44. Kf3 Rc2 45. Rb7 h5 46. h3 f5 47. Rb6+
Kf7 48. gxf5 Rxc7 49. Rxa6 Rc3+ 50. Kg2 Rc2+ 51. Kf3 Rc5 52. Ke4 Rc4+ 53. Ke5
Rxb4 54. Ra7+ Kg8 55. Kf6 g4 56. Kg6 Rb8 57. Rg7+ Kf8 58. Rh7 Ke8 59. f6 Rb6
60. Rc7 Rb8 61. Rh7 Rb6 62. Ra7 Rb8 63. h4 g3 64. Ra2 1/2-1/2

[Event "III Festival A"]
[Site "Verona ITA"]
[Date "1997.01.??"]
[Round "4"]
[White "Ferretti, Folco"]
[Black "Everet, Alexandro"]
[Result "1/2-1/2"]
[WhiteElo "2255"]
[BlackElo "2135"]
[PlyCount "117"]
[EventDate "1997.01.02"]

1. e4 e6 2. d4 d5 3. Nd2 Nf6 4. e5 Nfd7 5. c3 c5 6. Bd3 Nc6 7. Ne2 Qb6 8. Nf3
cxd4 9. cxd4 Bb4+ 10. Bd2 Bxd2+ 11. Qxd2 Qb4 12. Rc1 Qxd2+ 13. Kxd2 Nb6 14. h4
Bd7 15. Nc3 a6 16. Rh3 Ke7 17. Rg3 g6 18. h5 gxh5 19. Rh1 Rag8 20. Rxg8 Rxg8
21. g3 Rg4 22. Ke3 h4 23. Rxh4 Rxh4 24. gxh4 h6 25. Nh2 Kf8 26. Ng4 Kg7 27. Nf6
Ne7 28. b3 Bc6 29. a4 Ng8 30. Nh5+ Kh8 31. a5 Nc8 32. Ng3 Na7 33. Nge2 Bd7 34.
b4 Ne7 35. Nc1 Kg7 36. Nb3 f6 37. Nc5 Bc8 38. f4 Nac6 39. N3a4 fxe5 40. fxe5
Nxb4 41. Nb6 Kf7 42. Nxc8 Nxc8 43. Be2 b6 44. axb6 Nxb6 45. Nxa6 Nc2+ 46. Kd3
Ne1+ 47. Kc3 Ng2 48. h5 Nf4 49. Bf3 Nc4 50. Nc7 Ne3 51. Kb4 Nf5 52. Bg4 Ng3 53.
Kc5 Ke7 54. Kc6 Ngxh5 55. Nxe6 Nxe6 56. Bxh5 Nf4 57. Bf3 Ke6 58. Bg4+ Ke7 59.
Bf3 1/2-1/2

[Event "III Festival A"]
[Site "Verona ITA"]
[Date "1997.01.??"]
[Round "4"]
[White "Giretti Kanev, Jasen"]
[Black "Bertani, Gianfranco"]
[Result "1-0"]
[WhiteElo "2165"]
[BlackElo "2029"]
[PlyCount "97"]
[EventDate "1997.01.02"]

1. Nf3 c5 2. c4 Nc6 3. Nc3 Nf6 4. g3 g6 5. Bg2 Bg7 6. O-O O-O 7. d4 cxd4 8.
Nxd4 a6 9. h3 Qc7 10. Bg5 Qe5 11. Nf3 Qc5 12. Na4 Qa5 13. Rb1 b5 14. cxb5 axb5
15. Nc5 d6 16. Nb3 Qa6 17. Nfd4 Nxd4 18. Nxd4 Bb7 19. Qd3 Bxg2 20. Kxg2 Qb7+
21. f3 b4 22. a3 Qd5 23. Be3 e5 24. Nb5 Qxd3 25. exd3 Nd5 26. Bg5 h6 27. Bd2
Rfc8 28. axb4 Rc2 29. Rf2 Ra2 30. Nc3 Rxd2 31. Nxa2 Rxd3 32. Re2 f5 33. Rc1 f4
34. g4 Ne3+ 35. Kf2 Bf6 36. Nc3 d5 37. b5 Nc4 38. Nxd5 Bh4+ 39. Kg2 Nd2 40. Rd1
e4 41. Rexd2 Rxf3 42. Nxf4 Rxf4 43. Rf1 g5 44. b6 e3 45. Rxf4 gxf4 46. Rd7 e2
47. b7 f3+ 48. Kxf3 e1=N+ 49. Ke2 1-0

[Event "III Festival A"]
[Site "Verona ITA"]
[Date "1997.01.??"]
[Round "4"]
[White "Grosar, Aljosa"]
[Black "Luciani, Valerio"]
[Result "1/2-1/2"]
[WhiteElo "2495"]
[BlackElo "2180"]
[PlyCount "134"]
[EventDate "1997.01.02"]

1. e4 e6 2. d4 d5 3. e5 c5 4. c3 Nc6 5. Nf3 Bd7 6. Be2 Nge7 7. Na3 Ng6 8. h4
cxd4 9. cxd4 Bb4+ 10. Kf1 O-O 11. h5 Nh8 12. Bd3 Be7 13. Rh3 f5 14. exf6 Bxf6
15. Qc2 h6 16. Bh7+ Kf7 17. Nb5 Qb6 18. a4 a6 19. Nc3 Nxd4 20. Nxd4 Bxd4 21.
Be3 Bxe3 22. Rxe3 d4 23. Bg6+ Kg8 24. Bh7+ Kf7 25. Rd3 Bc6 26. Ne2 Rad8 27.
Rad1 e5 28. Rb3 Qc7 29. Rf3+ Ke7 30. Nxd4 Rxd4 31. Qc5+ Qd6 32. Qxd6+ Rxd6 33.
Rxd6 Rxf3 34. Rxc6 Rxf2+ 35. Kxf2 bxc6 36. a5 Nf7 37. Bd3 Nd6 38. Bxa6 c5 39.
b3 Kd7 40. Ke3 Kc6 41. Bd3 Kb7 42. Kd2 Ka7 43. Kc3 e4 44. Be2 Nb7 45. a6 Nd6
46. Kd2 Nf5 47. g4 e3+ 48. Kd3 Nd4 49. Kxe3 Nxe2 50. Kxe2 Kxa6 51. Kd3 Kb5 52.
Ke4 Kb4 53. Kd5 Kb5 54. Kd6 Kb6 55. Ke6 Ka5 56. Kd7 Kb5 57. Kc7 Ka5 58. Kc6 Kb4
59. Kd6 Kb5 60. Kd5 Kb6 61. Ke6 Ka5 62. Kd7 Kb5 63. Kc7 Ka5 64. Kc6 Kb4 65. Kd6
Kb5 66. Ke5 Kb4 67. Kd6 Kb5 1/2-1/2

[Event "III Festival A"]
[Site "Verona ITA"]
[Date "1997.01.??"]
[Round "4"]
[White "Lagrotteria, Salvatore"]
[Black "Caruso, Augusto"]
[Result "0-1"]
[WhiteElo "2215"]
[BlackElo "2265"]
[PlyCount "62"]
[EventDate "1997.01.02"]

1. Nf3 Nc6 2. d4 d5 3. Bf4 Bf5 4. e3 Nf6 5. Be2 h6 6. Ne5 Nxe5 7. Bxe5 e6 8.
Bxf6 Qxf6 9. c4 Qg6 10. O-O c6 11. Qb3 Rb8 12. c5 Be7 13. Nd2 O-O 14. Kh1 b6
15. Qa3 bxc5 16. dxc5 Bf6 17. Nb3 a5 18. Nd4 Bxd4 19. exd4 Rb4 20. Rad1 Rfb8
21. Qxa5 Be4 22. f3 Rxb2 23. Qc7 R8b7 24. Qc8+ Kh7 25. Rfe1 Bc2 26. Rc1 Ba4 27.
a3 R7b3 28. Bf1 Bb5 29. g3 Bxf1 30. Rxf1 Qh5 31. h4 Qf5 0-1

[Event "III Festival A"]
[Site "Verona ITA"]
[Date "1997.01.??"]
[Round "4"]
[White "Mrdja, Milan"]
[Black "Ortega, Lexy"]
[Result "1/2-1/2"]
[WhiteElo "2425"]
[BlackElo "2460"]
[PlyCount "45"]
[EventDate "1997.01.02"]

1. e4 c5 2. Nf3 d6 3. d4 cxd4 4. Nxd4 Nf6 5. Nc3 a6 6. f4 e5 7. Nf3 Nbd7 8. Bd3
Be7 9. O-O O-O 10. Kh1 b5 11. Qe2 Bb7 12. a3 Re8 13. fxe5 dxe5 14. Nh4 g6 15.
Bg5 Rc8 16. Rad1 Qb6 17. Qf3 Qe6 18. h3 Ba8 19. Qe3 Nh5 20. Be2 Bxg5 21. Qxg5
Qe7 22. Qe3 Nf4 23. Bg4 1/2-1/2

[Event "III Festival A"]
[Site "Verona ITA"]
[Date "1997.01.??"]
[Round "4"]
[White "Pegoraro, Nicola"]
[Black "Dalponte, Dino"]
[Result "0-1"]
[WhiteElo "2065"]
[BlackElo "2195"]
[PlyCount "80"]
[EventDate "1997.01.02"]

1. e4 e6 2. d4 d5 3. e5 c5 4. c3 Qb6 5. Nf3 Nc6 6. Bd3 Bd7 7. dxc5 Bxc5 8. Qe2
Qc7 9. Nbd2 Nge7 10. Nb3 Bb6 11. Bf4 Ng6 12. Bg3 Rc8 13. O-O Qd8 14. h4 Na5 15.
Nxa5 Bxa5 16. h5 Ne7 17. Bh4 a6 18. h6 gxh6 19. Bf6 Rf8 20. Nd4 Bb6 21. Nf3 Bc6
22. Rfd1 Qc7 23. Bxh7 Kd7 24. Nh2 Rh8 25. Bxh8 Rxh8 26. Ng4 Kc8 27. Nf6 Bb5 28.
Bd3 Bxd3 29. Rxd3 Ng6 30. Rg3 Nxe5 31. Rg8+ Rxg8 32. Nxg8 h5 33. Qxh5 Kb8 34.
Qe2 f5 35. Nh6 Qg7 36. Re1 Bc7 37. f4 Qxh6 38. fxe5 Bb6+ 39. Qf2 Bxf2+ 40. Kxf2
Qh4+ 0-1

[Event "III Festival A"]
[Site "Verona ITA"]
[Date "1997.01.??"]
[Round "4"]
[White "Rossi, Carlo"]
[Black "Wohl, Aleksandar H."]
[Result "1/2-1/2"]
[WhiteElo "2320"]
[BlackElo "2425"]
[PlyCount "57"]
[EventDate "1997.01.02"]

1. Nf3 Nf6 2. g3 c5 3. Bg2 Nc6 4. O-O g6 5. d3 Bg7 6. e4 O-O 7. Nbd2 d6 8. h3
Qc7 9. c3 Bd7 10. a3 b5 11. d4 cxd4 12. cxd4 Rac8 13. Re1 e5 14. Nb3 a5 15. Bg5
h6 16. Bd2 a4 17. dxe5 dxe5 18. Nc5 Be8 19. Rc1 Nd7 20. Bf1 Qb8 21. Be3 Nxc5
22. Rxc5 Na5 23. Rxc8 Qxc8 24. Bd2 Nc4 25. Bc3 Qc7 26. Bxc4 bxc4 27. Qd5 Kh8
28. Qa5 Qxa5 29. Bxa5 1/2-1/2

[Event "III Festival A"]
[Site "Verona ITA"]
[Date "1997.01.??"]
[Round "4"]
[White "Sbarra, Marco"]
[Black "Dallaglio, Giovanni"]
[Result "1-0"]
[WhiteElo "2285"]
[BlackElo "2075"]
[PlyCount "75"]
[EventDate "1997.01.02"]

1. d4 Nf6 2. c4 e6 3. Nc3 c5 4. d5 exd5 5. cxd5 d6 6. e4 g6 7. f4 Bg7 8. Bb5+
Nfd7 9. a4 O-O 10. Nf3 Na6 11. O-O Nc7 12. Re1 a6 13. Bf1 Re8 14. e5 dxe5 15.
d6 Ne6 16. fxe5 Nd4 17. Nxd4 cxd4 18. Nd5 Bxe5 19. Rxe5 Nxe5 20. Qxd4 Qxd6 21.
Bg5 Re6 22. Rd1 f6 23. Nxf6+ Rxf6 24. Qxd6 Rxd6 25. Rxd6 Bf5 26. Rb6 Be4 27.
Re6 Nf7 28. Bc4 b5 29. Rxe4 bxc4 30. Bf6 Nd6 31. Re6 Nf5 32. g4 Kf7 33. gxf5
gxf5 34. Rc6 Rg8+ 35. Kf2 Rg6 36. Re6 Rxf6 37. Rxf6+ Kxf6 38. a5 1-0

[Event "III Festival A"]
[Site "Verona ITA"]
[Date "1997.01.??"]
[Round "4"]
[White "Sciortino, Massimo"]
[Black "Peric, Slavisa"]
[Result "1/2-1/2"]
[WhiteElo "1984"]
[BlackElo "2260"]
[PlyCount "86"]
[EventDate "1997.01.02"]

1. e4 e6 2. d4 d5 3. Nd2 b6 4. Ngf3 Nf6 5. e5 Nfd7 6. Bd3 Ba6 7. Bxa6 Nxa6 8.
O-O Be7 9. Qe2 Nab8 10. a4 c5 11. c3 Nc6 12. Nb3 O-O 13. Be3 Rc8 14. Ne1 cxd4
15. Bxd4 Qc7 16. f4 Nc5 17. Bxc5 bxc5 18. Rf3 Rb8 19. Nc1 c4 20. Rb1 f6 21.
exf6 Rxf6 22. g3 Rbf8 23. b4 cxb3 24. Rxb3 e5 25. fxe5 Nxe5 26. Rxf6 Rxf6 27.
Ncd3 Nc6 28. Nf4 Bc5+ 29. Kg2 Qf7 30. Ned3 Bd6 31. Rb5 d4 32. Qb2 Qc4 33. cxd4
Nxd4 34. Rd5 Qc2+ 35. Qxc2 Nxc2 36. Rb5 g6 37. Rb7 a5 38. Rb5 Bb4 39. Nd5 Rd6
40. N3xb4 axb4 41. Nxb4 Rd2+ 42. Kh3 Nxb4 43. Rxb4 Ra2 1/2-1/2

[Event "III Festival A"]
[Site "Verona ITA"]
[Date "1997.01.??"]
[Round "4"]
[White "Sulava, Nenad"]
[Black "Guido, Flavio"]
[Result "1-0"]
[WhiteElo "2380"]
[BlackElo "2300"]
[PlyCount "136"]
[EventDate "1997.01.02"]

1. Nf3 d5 2. d4 Nf6 3. c4 e6 4. Bg5 h6 5. Bxf6 Qxf6 6. Nc3 c6 7. a3 dxc4 8. Ne5
c5 9. Qa4+ Nc6 10. e3 cxd4 11. exd4 Be7 12. Nxc6 Bd7 13. Bxc4 Bxc6 14. Bb5 O-O
15. Bxc6 bxc6 16. O-O Qf4 17. Rad1 Qc7 18. Rd2 Rfd8 19. g3 Qb6 20. Rfd1 Rd7 21.
Ne4 Rad8 22. Nc5 Rd5 23. b4 e5 24. Nb3 exd4 25. Na5 Bg5 26. Rc2 Qb5 27. Qxb5
cxb5 28. Rd3 R8d7 29. Rc8+ Kh7 30. Kg2 Bf6 31. Nb3 Re7 32. Rc2 h5 33. f4 g5 34.
fxg5 Rxg5 35. Rf2 Kg6 36. Rfd2 Rd5 37. Kf3 Rf5+ 38. Kg2 Re4 39. Nxd4 Rd5 40.
Nc6 Re2+ 41. Rxe2 Rxd3 42. Nxa7 Rxa3 43. Nxb5 Rb3 44. Re4 Rb2+ 45. Kh3 Bd8 46.
Nd6 Kf6 47. Rf4+ Ke6 48. Nxf7 Be7 49. Nh8 Bxb4 50. Ng6 Bc5 51. Rf1 Bd6 52. Nf4+
Bxf4 53. Rxf4 Ra2 54. Rf8 Ke7 55. Rh8 Kf6 56. Rxh5 Kg6 57. Rb5 Rc2 58. g4 Ra2
59. Kg3 Rc2 60. Rb3 Ra2 61. h4 Rc2 62. Rb6+ Kg7 63. h5 Rc1 64. Kh4 Ra1 65. Rb5
Ra7 66. Kg5 Rc7 67. h6+ Kh7 68. Kh5 Rc1 1-0

[Event "III Festival A"]
[Site "Verona ITA"]
[Date "1997.01.??"]
[Round "4"]
[White "Tommasi, Daniele"]
[Black "Maccapan, Fabio"]
[Result "1-0"]
[WhiteElo "2032"]
[BlackElo "1819"]
[PlyCount "75"]
[EventDate "1997.01.02"]

1. e4 e6 2. d3 c5 3. Nf3 Nc6 4. g3 g6 5. Bg2 Bg7 6. O-O Nge7 7. Nbd2 O-O 8. Re1
d6 9. c3 Rb8 10. a4 a6 11. Nb3 b5 12. axb5 axb5 13. d4 c4 14. Nbd2 d5 15. e5
Bd7 16. Nf1 b4 17. h4 bxc3 18. bxc3 Rb3 19. Qc2 Qb6 20. h5 Rb8 21. hxg6 hxg6
22. Bg5 Rb2 23. Qc1 Qb3 24. Ne3 Nf5 25. Nd2 Qb7 26. Nxf5 gxf5 27. Bf6 Bh6 28.
Qd1 Qc8 29. Qh5 Qf8 30. Nf3 Be8 31. Ng5 R2b7 32. Bxd5 exd5 33. Kg2 Ne7 34. Rh1
Ng6 35. Qxh6 Qxh6 36. Rxh6 Rb1 37. Rxb1 Rxb1 38. Rh7 1-0

[Event "III Festival A"]
[Site "Verona ITA"]
[Date "1997.01.??"]
[Round "4"]
[White "Ventura, Sergio"]
[Black "Di Lazzaro, Gabriele"]
[Result "1-0"]
[WhiteElo "2190"]
[BlackElo "2095"]
[PlyCount "68"]
[EventDate "1997.01.02"]

1. f4 d5 2. Nf3 g6 3. c3 Bg7 4. e3 Bg4 5. h3 Bxf3 6. Qxf3 c6 7. d4 Nh6 8. g4 e6
9. Bd3 Nd7 10. Nd2 Qe7 11. O-O f6 12. c4 Nf7 13. b3 Nb6 14. a4 a5 15. Ba3 Qc7
16. e4 dxe4 17. Qxe4 e5 18. fxe5 fxe5 19. Qf3 Ng5 20. Qe3 Ne6 21. d5 cxd5 22.
cxd5 Nxd5 23. Bb5+ Kd8 24. Qd3 Qb6+ 25. Kh1 Qd4 26. Qf3 Nef4 27. Ne4 Rc8 28.
Rad1 Qb6 29. Nc3 Rc5 30. Nxd5 Rxd5 31. Rxd5+ Kc8 32. Bd7+ Kb8 33. Bd6+ Ka8 34.
Rb5 Qd4 1-0

[Event "III Festival A"]
[Site "Verona ITA"]
[Date "1997.01.??"]
[Round "4"]
[White "Zoldan, Matteo"]
[Black "Perich, Stefano"]
[Result "1/2-1/2"]
[WhiteElo "2155"]
[BlackElo "2080"]
[PlyCount "35"]
[EventDate "1997.01.02"]

1. c4 e5 2. Nc3 g6 3. g3 Bg7 4. Bg2 c6 5. e4 Ne7 6. Nge2 d6 7. d4 O-O 8. O-O
Be6 9. d5 cxd5 10. exd5 Bd7 11. Be3 h6 12. Qb3 Bc8 13. Nb5 b6 14. Nxa7 Rxa7 15.
Bxb6 Qd7 16. Bxa7 Qxa7 17. Nc3 Ba6 18. Nb5 1/2-1/2

[Event "III Festival A"]
[Site "Verona ITA"]
[Date "1997.01.??"]
[Round "5"]
[White "Bertani, Gianfranco"]
[Black "Genocchio, Daniele"]
[Result "1-0"]
[WhiteElo "2029"]
[BlackElo "2175"]
[PlyCount "63"]
[EventDate "1997.01.02"]

1. Nf3 f5 2. Nc3 Nf6 3. d4 b6 4. Bg5 e6 5. e4 fxe4 6. Ne5 d5 7. Bb5+ Bd7 8.
Nxd7 Nbxd7 9. Bc6 Rb8 10. f3 exf3 11. Qxf3 Bb4 12. O-O O-O 13. Qh3 Qe7 14. Rae1
Bxc3 15. bxc3 e5 16. Bxd5+ Kh8 17. Be4 h6 18. Bd3 Rbd8 19. Rf5 Rde8 20. Kh1 Qe6
21. dxe5 Nh7 22. Rxf8+ Ndxf8 23. Qxe6 Rxe6 24. Bd8 c6 25. Kg1 b5 26. Bf5 Re8
27. Bh4 g6 28. Bh3 g5 29. Bf2 a6 30. e6 h5 31. e7 Ng6 32. Bd4+ 1-0

[Event "III Festival A"]
[Site "Verona ITA"]
[Date "1997.01.??"]
[Round "5"]
[White "Braghetta, Sergio"]
[Black "Mrdja, Milan"]
[Result "1/2-1/2"]
[WhiteElo "2195"]
[BlackElo "2425"]
[PlyCount "93"]
[EventDate "1997.01.02"]

1. e4 c5 2. Nf3 e6 3. d4 cxd4 4. Nxd4 Nf6 5. Nc3 d6 6. g4 a6 7. g5 Nfd7 8. h4
b5 9. a3 Bb7 10. Be3 Nb6 11. Qh5 g6 12. Qg4 N8d7 13. h5 gxh5 14. Rxh5 Ne5 15.
Qh3 Nbc4 16. Bxc4 Nxc4 17. g6 fxg6 18. Rxh7 Rxh7 19. Qxh7 Qe7 20. Qxg6+ Kd7 21.
O-O-O Ne5 22. Qh5 Bg7 23. f4 Nc4 24. Qe2 Rc8 25. f5 Bxd4 26. fxe6+ Qxe6 27.
Bxd4 Re8 28. e5 Kc8 29. Ne4 dxe5 30. Bc5 Rd8 31. Rxd8+ Kxd8 32. Bb4 Qh6+ 33.
Nd2 Qh1+ 34. Qf1 Qxf1+ 35. Nxf1 Kd7 36. b3 Nb6 37. Ne3 Ke6 38. Kd2 Be4 39. Ba5
Nd7 40. c4 Nc5 41. Kc3 Bc6 42. Bb6 Nd7 43. Ba7 Kd6 44. cxb5 Bxb5 45. Kb4 Kc6
46. Nc4 Kd5 47. Nb6+ 1/2-1/2

[Event "III Festival A"]
[Site "Verona ITA"]
[Date "1997.01.??"]
[Round "5"]
[White "Caruso, Augusto"]
[Black "Grosar, Aljosa"]
[Result "0-1"]
[WhiteElo "2265"]
[BlackElo "2495"]
[PlyCount "74"]
[EventDate "1997.01.02"]

1. e4 c5 2. Nf3 d6 3. d4 cxd4 4. Nxd4 Nf6 5. Nc3 Nc6 6. Be3 Ng4 7. Bb5 Nxe3 8.
fxe3 Bd7 9. O-O e6 10. Bxc6 bxc6 11. e5 Be7 12. exd6 Bxd6 13. Qh5 O-O 14. Ne4
Be7 15. Rad1 Qb6 16. b3 Be8 17. Qh3 c5 18. Nf3 c4 19. Ne5 cxb3 20. axb3 Qc7 21.
Nc4 Bb5 22. Ned2 Rad8 23. Ra1 Bb4 24. Ne4 Bxc4 25. bxc4 Qxc4 26. Rf4 Qxc2 27.
Qh5 Be7 28. Raf1 f5 29. Ng5 Bxg5 30. Qxg5 Qc3 31. R4f3 Rd7 32. Qh5 a5 33. Rh3
g6 34. Qg5 a4 35. Qf4 Ra8 36. Qf3 Rda7 37. Rd1 a3 0-1

[Event "III Festival A"]
[Site "Verona ITA"]
[Date "1997.01.??"]
[Round "5"]
[White "Cristiani, Cesare"]
[Black "Di Lazzaro, Gabriele"]
[Result "1-0"]
[WhiteElo "2075"]
[BlackElo "2095"]
[PlyCount "80"]
[EventDate "1997.01.02"]

1. f4 d5 2. Nf3 g6 3. g3 Bg7 4. Bg2 Bg4 5. O-O Nc6 6. d3 Qd7 7. c3 Nf6 8. Na3
Bh3 9. Qc2 Bxg2 10. Kxg2 h5 11. h4 Ng4 12. d4 e6 13. e4 dxe4 14. Qxe4 O-O-O 15.
Nc4 Nf6 16. Qe2 Qd5 17. Ne3 Qe4 18. Kg1 g5 19. Nd2 Qg6 20. fxg5 Nh7 21. Ng2 e5
22. dxe5 Bxe5 23. Qf2 f6 24. Nf3 Bd6 25. Bf4 fxg5 26. hxg5 Rhg8 27. Ngh4 Qe6
28. Rfe1 Qc4 29. Bxd6 Rxd6 30. g6 Nf6 31. Ne5 Nxe5 32. Rxe5 Ng4 33. Qf5+ Kb8
34. Re4 Qc6 35. c4 Qb6+ 36. c5 Qxb2 37. cxd6 Qxa1+ 38. Qf1 Qb2 39. Qe2 Qc1+ 40.
Kg2 Qc6 1-0

[Event "III Festival A"]
[Site "Verona ITA"]
[Date "1997.01.??"]
[Round "5"]
[White "Dalponte, Dino"]
[Black "Sciortino, Massimo"]
[Result "1-0"]
[WhiteElo "2195"]
[BlackElo "1984"]
[PlyCount "131"]
[EventDate "1997.01.02"]

1. d4 f5 2. c3 Nf6 3. Nh3 b6 4. Bg5 e6 5. d5 e5 6. Nd2 Be7 7. Bxf6 Bxf6 8. e3
O-O 9. d6 Bb7 10. dxc7 Qxc7 11. Qc2 g6 12. e4 f4 13. O-O-O Nc6 14. Bc4+ Kg7 15.
Bd5 Rac8 16. Bxc6 Qxc6 17. f3 Rfd8 18. Nf2 d5 19. exd5 Qxd5 20. Nb3 Qe6 21.
Rxd8 Rxd8 22. Rd1 Rd5 23. Rxd5 Qxd5 24. Qd2 Be7 25. Qxd5 Bxd5 26. Kc2 Kf7 27.
Kd3 Ke6 28. Ne4 Bb7 29. c4 h5 30. a3 g5 31. h3 Kf5 32. Nbd2 a5 33. Kc3 g4 34.
b4 gxf3 35. gxf3 axb4+ 36. axb4 Kg6 37. c5 bxc5 38. bxc5 Ba6 39. Nc4 Kf5 40. c6
Bd8 41. Nc5 Bxc4 42. Kxc4 e4 43. Nxe4 Ke5 44. Kc5 Bc7 45. Nc3 Ba5 46. Nb5 Ke6
47. Nd4+ Ke5 48. Ne2 Bc7 49. Nd4 Ba5 50. Nb5 Ke6 51. Kd4 Bb6+ 52. Ke4 Be3 53.
Na3 Bd2 54. Nc4 Bc1 55. Kd3 Ke7 56. Kc2 Be3 57. Nxe3 fxe3 58. Kd3 Kd6 59. Kxe3
Kxc6 60. Kf4 Kd6 61. Kf5 Ke7 62. Kg6 Kf8 63. Kf6 Ke8 64. f4 Kf8 65. f5 Kg8 66.
Ke7 1-0